El lugar más bonito del mundo (Registro nro. 8759)

Detalles MARC
000 -LIDER
fixed length control field 00898nam a22003017a 4500
001 - NÚMERO DE CONTROL
Identificador de número de control 12084
003 - IDENTIFICACDOR DE NÚMERO DE CONTROL
control field DO-SdBNP
005 - DATE AND TIME OF LATEST TRANSACTION
control field 20180221154212.0
007 - CAMPOS FIJOS DE DESCRIPCIÓN FÍSICA
fixed length control field 12084
008 - ELEMENTOS DE LONGITUD FIJA
fixed length control field 021007s2000 sp | ||| ||spa
016 7# - NO. DE CONTROL DE LA AGENCIA BIB. NACIONAL
Source BPSMU
020 ## - ISBN
International Standard Book Number 9588061563
040 ## - FUENTE DE CATALOGACIÓN
Agencia que crea de manera original el registro BPMSU
Idioma de catalogación spa
Agencia que realiza la transcripción BPMSU
041 1# - CÓDIGOS DE OBRAS TRADUCIDAS O EN VARIOS IDIOMAS
Código del idioma del texto/archivo de sonido o separata spa
080 #0 - NÚMERO DE CLASIFICACIÓN DECIMAL UNIVERSAL
Universal Decimal Classification number 087.5:82
100 1# - ASIENTO PRINCIPAL -- NOMBRE PERSONAL
Nombre personal Cameron, Ann
240 14 - TITULO UNIFORME
Título uniforme The most beautiful place in the world
Idioma de una obra Español
245 13 - MENCIÓN DE TITULO
Título El lugar más bonito del mundo
Mención de responsabilidad Ann Cameron ; ilustraciones, Thomas B. Allen ; traducción, P. Rozarena]
260 ## - PUBLICACIÓN, DISTRIBUCIÓN, ETC. (PIE DE IMPRENTA)
Lugar de publicación, distribución, etc Santafé de Bogotá, Colombia
Nombre del editor, distribuidor, etc. Alfaguara
Fecha de publicación, distribución, etc 2000
300 ## - DESCRIPCIÓN FÍSICA
Extensión 69 p. ;
Otros detalles físicos il. :
Dimensiones 20 cm.
490 0# - MENCIÓN DE SERIES
Mención de serie Afaguara infantil
700 ## - ASIENTO SECUNDARIO -- NOMBRE PERSONAL
Nombre personal Rozarena, P.
Mención de responsabilidad tr.
700 ## - ASIENTO SECUNDARIO -- NOMBRE PERSONAL
Nombre personal Allen, Thomas B.
Mención de responsabilidad il.
830 ## - ASIENTO SECUNDARIO DE SERIE--TÍTULO UNIFORME
Nombre de la parte o sección de una obra Afaguara infantil
942 ## - ADDED ENTRY ELEMENTS (KOHA)
Source of classification or shelving scheme Dewey Decimal Classification
Koha item type Libros
945 ## - INFORMACIÓN DE PROCESAMIENTO LOCAL
Información de procesamiento local Inventariado, 2018 / BT
956 ## - LOCAL ELECTRONIC LOCATION AND ACCESS (OCLC)
Nombre de host VMATEO
Método de acceso 10
Materiales especificados 20151117
Enlace BPMSU
Campo enlazado y núm. de secuencia 00151
Existencias
Withdrawn status Lost status Source of classification or shelving scheme Damaged status Not for loan Collection code Home library Current library Date acquired Source of acquisition Total Checkouts Barcode Date last seen Price effective from Koha item type
    Dewey Decimal Classification     Colección Infantil General Biblioteca Pública Metropolitana Salomé Ureña Biblioteca Pública Metropolitana Salomé Ureña 11/17/2015 ALFAGUARA   BPMSU15110323 11/17/2015 11/17/2015 Libros